000 00814nam a2200265Ia 4500
003 OSt
005 20220918170126.0
006 a|||||r|||| 00| 0
007 ta
008 220917b |||||||| |||| 00| 0 eng d
020 _a900415140 (hbk)
024 _a232,544
037 _b1978, 18/10/2007, The Book Seller
_cTextual
040 _aARTS
_cARTS
_beng
041 _2eng
_aeng
082 _aY73(Q7)n49G, P6
100 _aProudfoot Ian
_927206
245 0 _aOld Muslim calendars of South East Asia
260 _aLondon
_bBrill
_c2006
300 _a135p.
_ccm.
490 _aHandbook of oriental studies handbuch der orientalistik Vol. 17
650 _aSOCIOLOGY
942 _hY73(Q7)n49G, P6
_cTEXL
_2CC
999 _c132727
_d132727